| 000 | 01611cam a22004217a 4500 | ||
|---|---|---|---|
| 001 | 000092355 | ||
| 003 | CHAP | ||
| 005 | 20220329142846.0 | ||
| 008 | 040920d2003 mx ab r 001 0 spa d | ||
| 010 | _a88822 | ||
| 011 | _a89794 | ||
| 020 | _a9688848603 | ||
| 035 | _a100345 | ||
| 040 | _cCHAP | ||
| 082 | 0 | 4 |
_a633.2 _bG64 |
| 100 | 0 | 0 |
_aGonzález Embarcadero, Antonia. _948874 |
| 245 | 1 | 0 |
_aDistribución de especies hojosas de pastizal en la República Mexicana : _bparte II / _c/por Antonia González Embarcadero y Berta Rodríguez Castañeda. |
| 260 |
_aChapingo, Méx. : _bUACH. Dirección General de Difusión Cultural y Servicio, _c2003. |
||
| 300 |
_a238 p. : _bilus. ; mapas. |
||
| 590 |
_aBATCH-UPD _b10 _c20130110 _lUCH01 _h0053 |
||
| 590 |
_aBATCH-UPD _b10 _c20130110 _lUCH01 _h1908 |
||
| 590 |
_aBATCH-UPD _b10 _c20130409 _lUCH01 _h2041 |
||
| 590 |
_aBATCH-UPD _b10 _c20130410 _lUCH01 _h1235 |
||
| 590 |
_aBATCH-UPD _b10 _c20130914 _lUCH01 _h1415 |
||
| 590 |
_aCONVERSION _b10 _c20130109 _lUCH01 _h1349 |
||
| 590 |
_aE6096MTM _b05 _c20160726 _lUCH01 _h1209 |
||
| 650 | 1 | 4 |
_aFitogeografía. _941157 |
| 650 | 1 | 4 |
_aPastizales _xMéxico. _985950 |
| 700 | 0 | 0 |
_aRodríguez Castañeda, Bertha. _998376 |
| 901 | _aBK | ||
| 905 | _aAlejandra Carrasco M. | ||
| 942 | _cLIBRO | ||
| 942 | _n0 | ||
| 949 |
_a633.2 G64 _bBC _cLIBRO _d33724000796884 _eLIBRO _fc.2 _h104626 _i100345 _sb |
||
| 949 |
_a633.2 G64 _bBC _cLIBRO _d33724000796991 _eLIBRO _fc.3 _h104627 _i100345 _sb |
||
| 949 |
_a633.2 G64 _bBC _cLIBRO _d33724000797072 _eLIBRO _h104625 _i100345 _si |
||
| 949 |
_a633.2 G64 _bBC _cUACH _d1003454 _eUACH _fc.4 _h104628 _i100345 _sb |
||
| 999 |
_c88822 _d88822 |
||